书目信息 |
| 题名: |
建功立业
|
|
| 作者: | 陈秀伶 编写 | |
| 分册: | ||
| 出版信息: | 长春 吉林出版集团有限责任公司 2010 |
|
| 页数: | 119页 | |
| 开本: | 23cm | |
| 丛书名: | 共和国故事 | |
| 单 册: | ||
| 中图分类: | I253.4 , G642.45 | |
| 科图分类: | ||
| 主题词: | 报告文学--bao gao wen xue--中国--当代 , 大学生--da xue sheng--志愿--社会服务--中国 | |
| 电子资源: | ||
| ISBN: | 978-7-5463-1844-8 | |
| 000 | 01172nam 2200301 450 | |
| 001 | 2362943988 | |
| 005 | 20231120180453.15 | |
| 010 | @a978-7-5463-1844-8@dCNY29.80 | |
| 100 | @a20111121d2011 am y0chiy50 ea | |
| 101 | 0 | @achi |
| 102 | @aCN@b220000 | |
| 105 | @ay a 000zy | |
| 200 | 1 | @a建功立业@Ajian gong li ye@e大学生志愿服务西部计划启动@f陈秀伶编写 |
| 210 | @a长春@c吉林出版集团有限责任公司@d2010 | |
| 215 | @a119页@d23cm | |
| 225 | 2 | @a共和国故事@Agong he guo gu shi |
| 308 | @a封面及书脊丛书题名: 青少年应该铭记的共和国故事 | |
| 320 | @a有书目 (第119页) | |
| 330 | @a本书内容包括宣传实施行动、服务文化教育、服务医疗基建、服务工商农技四部分, 收录团中央教育部发出通知、开展心理健康咨询活动、建立新闻广播覆盖网、完善边疆医疗事业、志愿服务锤炼扎实本领等内容。 | |
| 410 | 0 | @12001 @a共和国故事 |
| 517 | 1 | @a大学生志愿服务西部计划启动@Ada xue sheng zhi yuan fu wu xi bu ji hua qi dong |
| 606 | 0 | @a报告文学@Abao gao wen xue@y中国@z当代 |
| 606 | 0 | @a大学生@Ada xue sheng@x志愿@x社会服务@y中国 |
| 690 | @aI253.4@v5 | |
| 690 | @aG642.45@v5 | |
| 701 | 0 | @a陈秀伶@Achen xiu ling@4编写 |
| 801 | 0 | @aCN@b山东中教@c20230926 |
| 905 | @aBZT@dI253.4@e52 | |
| 建功立业:大学生志愿服务西部计划启动/陈秀伶编写.-长春:吉林出版集团有限责任公司,2010 |
| 119页;23cm.-(共和国故事) |
| ISBN 978-7-5463-1844-8:CNY29.80 |
| 本书内容包括宣传实施行动、服务文化教育、服务医疗基建、服务工商农技四部分, 收录团中央教育部发出通知、开展心理健康咨询活动、建立新闻广播覆盖网、完善边疆医疗事业、志愿服务锤炼扎实本领等内容。 |
| ● |
| 相关链接 |
|
|
|
正题名:建功立业
索取号:I253.4/52
 
预约/预借
| 序号 | 登录号 | 条形码 | 馆藏地/架位号 | 状态 | 备注 |
| 1 | 2000950263 | 2000950263 | 第四书库/四40架A面6层2列/ [索取号:I253.4/52] | 在馆 | |
| 2 | 2000950264 | 2000950264 | 第四书库/四40架A面6层2列/ [索取号:I253.4/52] | 在馆 | |
| 3 | 2000950265 | 2000950265 | 第四书库/四40架A面6层2列/ [索取号:I253.4/52] | 在馆 | |
| 4 | 2000950266 | 2000950266 | 第四书库/四40架A面6层2列/ [索取号:I253.4/52] | 在馆 | |
| 5 | 2000950267 | 2000950267 | 第四书库/四40架A面6层2列/ [索取号:I253.4/52] | 在馆 | |
| 6 | 2000950268 | 2000950268 | 第四书库/四40架A面6层2列/ [索取号:I253.4/52] | 在馆 |